Sentencias a su hijo: interpretatio
Salvato in:
| Autore principale: | |
|---|---|
| Natura: | Libro |
| Lingua: | latino spagnolo |
| Pubblicazione: |
Ciudad de México
Universidad Nacional Autónoma de México
1995
|
| Edizione: | Segunda edición. |
| Serie: | Bibliotheca Iuridica Latina Mexicana, 6
|
| Soggetti: | |
| Tags: |
Aggiungi Tag
Nessun Tag, puoi essere il primo ad aggiungerne!!
|
MARC
| LEADER | 00000nam a2200000 a 4500 | ||
|---|---|---|---|
| 001 | UCR2824 | ||
| 003 | CL-VaPUC | ||
| 005 | 20220314123814.0 | ||
| 008 | 980116e19950000MX |||||||||||||||||lat|d | ||
| 999 | |c 265949 |d 265947 | ||
| 040 | |c Pontificia Universidad Católica de Valparaíso | ||
| 041 | 0 | 7 | |a lat |2 CL-VaPUC |
| 041 | 0 | 7 | |a spa |2 CL-VaPUC |
| 082 | 0 | 4 | |a 340.54 |b JUL |2 21 |
| 100 | 0 | |a Julio Paulo |e author |9 401233 | |
| 245 | 1 | 0 | |a Sentencias a su hijo: interpretatio |
| 250 | |a Segunda edición. | ||
| 260 | |a Ciudad de México |b Universidad Nacional Autónoma de México |c 1995 | ||
| 300 | |a 2 v | ||
| 490 | 0 | |a Bibliotheca Iuridica Latina Mexicana, 6 | |
| 583 | |a last modification |c 19980116 00:00:00 |k Rodrigo Vera | ||
| 650 | 0 | |a Derecho romano |9 255930 | |
| 650 | 0 | |a Escritos jurídicos |9 392715 | |
| 650 | 0 | |a Fuentes del derecho |9 255162 | |
| 650 | 0 | |a Derecho civil |9 255013 | |
| 942 | |c BK |2 ddc | ||
| 945 | |d 19980116 00:00:00 |a aolguin | ||
| 952 | |0 0 |1 0 |4 0 |6 340_540000000000000_JUL_1995 |7 0 |8 DER_ROM |9 297116 |a BIBDER |b BIBDER |d 2019-11-20 |h v.1 |i 1934791 |l 2 |m 4 |o 340.54 JUL 1995 |p 1934791 |q 2025-12-31 |r 2023-01-25 |s 2021-10-11 |w 2019-11-20 |x Ubicación 4to piso |y BK_X |z Este recurso debe solicitarse con anticipación |k DER | ||
| 952 | |0 0 |1 0 |4 0 |6 340_540000000000000_JUL_1995 |7 0 |8 DER_ROM |9 297117 |a BIBDER |b BIBDER |d 2019-11-20 |h v.2 |i 1934481 |o 340.54 JUL 1995 |p 1934481 |r 2023-01-25 |w 2019-11-20 |x Ubicación 4to piso |y BK_X |z Este recurso debe solicitarse con anticipación |k DER | ||